बाल पहेली कोश (Record no. 162961)

MARC details
000 -LEADER
fixed length control field 00725nam a22002057a 4500
005 - DATE AND TIME OF LATEST TRANSACTION
control field 20190325122319.0
010 ## - LCCN (DPL NO)
LC control number A-988284
020 ## - INTERNATIONAL STANDARD BOOK NUMBER
Terms of availability 250.00
035 ## - SYSTEM CONTROL NUMBER
System control number A-988284
037 ## - SOURCE OF ACQUISITION
Source of stock number/acquisition BPPD/PUB
082 ## - DEWEY DECIMAL CLASSIFICATION NUMBER
Classification number 398.6
100 ## - MAIN ENTRY--PERSONAL NAME
Personal name गर्ग, चित्रा
245 ## - TITLE STATEMENT
Title बाल पहेली कोश
Statement of responsibility, etc चित्रा गर्ग
260 ## - PUBLICATION, DISTRIBUTION, ETC. (IMPRINT)
Place of publication, distribution, etc नई दिल्ली
Name of publisher, distributor, etc पराग प्रकाशन
270 ## - ADDRESS
Address आई -2/16, मेन अंसारी रोड, दरियागंज
City नई दिल्ली
Postal code 110002
300 ## - PHYSICAL DESCRIPTION
Extent 240पृ.
Dimensions 24cm(सजिल्द )
700 ## - ADDED ENTRY--PERSONAL NAME
9 (RLIN) 44960
700 ## - ADDED ENTRY--PERSONAL NAME
9 (RLIN) 44973
942 ## - ADDED ENTRY ELEMENTS (KOHA)
Source of classification or shelving scheme Dewey Decimal Classification
Item type Children Books
Call number suffix गर्गची
Classification part 398.6
Holdings
Withdrawn status Lost status Not for loan Collection code Home library Current library Date acquired Source of acquisition Cost, normal purchase price Full call number Barcode Cost, replacement price Koha item type
      Non-fiction Shahdara Branch Shahdara Branch 25/03/2019 BPPD/PUB 250.00 398.6 गर्गची A-988284 250.00 Children Books

© Delhi Public Library
Hit Counter
free hit counter